Abraio / (Record no. 181963)

MARC details
000 -LEADER
campo de control de longitud fija 00860nam a2200253 i 4500
001 - NÚMERO DE CONTROL
campo de control 181963
003 - IDENTIFICADOR DE NÚMERO DE CONTROL
campo de control ES-MaACL
005 - FECHA Y HORA DE LA ÚLTIMA TRANSACCIÓN
campo de control 20231019192418.0
008 - DATOS DE LONGITUD FIJA--INFORMACIÓN GENERAL
campo de control de longitud fija 130509s1978 sp r |||| | glg
020 ## - NÚMERO INTERNACIONAL ESTÁNDAR DEL LIBRO
Número Internacional Estándar del Libro 84-85134-93-1
080 ## - NÚMERO DE LA CLASIFICACIÓN DECIMAL UNIVERSAL
Número de la Clasificación Decimal Universal 869.9-14"19"
100 1# - ENTRADA PRINCIPAL--NOMBRE DE PERSONA
Nombre de persona Barros, Tomás (
Fechas asociadas al nombre 1922-1986)
9 (RLIN) 26051
245 10 - MENCIÓN DEL TÍTULO
Título Abraio /
Mención de responsabilidad, etc. [por] Tomás Barros ; limiar de Salvador Lorenzana.
260 ## - PUBLICACIÓN, DISTRIBUCIÓN, ETC.
Lugar de publicación, distribución, etc. Sada, A. Coruña :
Nombre del editor, distribuidor, etc. Edic. do Castro,
Fecha de publicación, distribución, etc. imp. 1978.
300 ## - DESCRIPCIÓN FÍSICA
Extensión 137 p., 2 h. ;
Dimensiones 19 cm.
490 1# - MENCIÓN DE SERIE
Mención de serie Colección "Nordes" de Poesía
500 ## - NOTA GENERAL
Nota general Indice.
700 11 - ENTRADA AGREGADA--NOMBRE PERSONAL
Nombre de persona Lorenzana, Salvador.
9 (RLIN) 74134
830 0# - PUNTO DE ACCESO ADICIONAL DE SERIE-TÍTULO UNIFORME
Título uniforme Colección "Nordes" de Poesía
9 (RLIN) 224782
852 ## - LOCALIZACIÓN
Ubicación ES-MaACL
Número de control de estantería A-12640
itemnumber 188872
Sublocalización o colección R.148890
Ubicación en estantería Depósito 1
Signatura antigua Olim: N-5641
Encuadernación Donación: Araceli Barros Cao
903 ## - NOMBRE PERSONAL DE DONANTE
9 234352
a Barros Cao, Araceli
e Donante
942 ## - ELEMENTOS DE ENTRADA SECUNDARIOS (KOHA)
Fuente del sistema de clasificación o colocación Clasificación decimal universal
Tipo de ítem Koha Libro impreso
Holdings
Estatus retirado Estado de pérdida Fuente del sistema de clasificación o colocación Estado de daño No para préstamo Biblioteca de origen Biblioteca actual Ubicación en estantería Fecha de adquisición Fuente de adquisición Total de préstamos Signatura topográfica completa Código de barras Visto por última vez Precio de reemplazo Tipo de ítem Koha
    Clasificación decimal universal     Biblioteca del Ateneo de Madrid Biblioteca del Ateneo de Madrid Depósito 1 09/05/2013 Donación   A-12640 1191223 23/02/2023 23/02/2023 Libro impreso